000 00611nam a22002297a 4500
003 UA-OsUOA
001 96987
007 ta
008 20130325b un ||||| |||| 00| 0 ukr d
100 _aМележ І.
090 _a821.161.2
_bМ47
942 _cBK
040 _aUA-OsUOA
_bukr
_cUA-OsUOA
_dUA-OsUOA
245 _aТвори в двох томах
_b1
_cЛюди на болоті
300 _a333 с.
955 _a3
041 _aukr
080 _a821.161.2
260 _aК.
_bДніпро
_c1989
650 7 _a82 Література. Літературознавство
_2UDC
999 _c383238
_d383238